[Event "Kragero op"]
[Site "Kragero"]
[Date "2024.02.25"]
[Round "9"]
[White "Ostensen, Nicolai Maxime"]
[Black "Amundsen, Ask"]
[Result "1-0"]
[WhiteElo "2228"]
[BlackElo "2026"]
[PlyCount "141"]
[EventDate "2024.02.21"]
[EventType "swiss"]
[EventRounds "9"]
[EventCountry "NOR"]
[SourceTitle "CB09_2024"]
[SourceDate "2024.02.28"]
[SourceVersion "1"]
[SourceVersionDate "2024.02.28"]
[SourceQuality "1"]

1. c4 e5 2. Nc3 Nc6 3. Nf3 f5 4. d4 e4 5. Nd2 Nf6 6. e3 Be7 7. Be2 0-0 8. 0-0 Qe8 9. a3 d6 10. b4 Qg6 11. f3 Bd7 12. Qc2 Rae8 13. b5 Nd8 14. Bb2 exf3 15. Bxf3 Ng4 16. Bxg4 Qxg4 17. Nd5 Bg5 18. Rae1 c6 19. bxc6 bxc6 20. Nf4 Bxf4 21. Rxf4 Qxf4 22. exf4 Rxe1+ 23. Kf2 Rfe8 24. Nf3 R1e2+ 25. Qxe2 Rxe2+ 26. Kxe2 Be6 27. Kd3 Nb7 28. Bc3 h6 29. Ne1 Kf7 30. Nc2 a5 31. Ne3 g6 32. d5 Bd7 33. Bd4 cxd5 34. cxd5 Ke7 35. Kc4 Kd8 36. Bb6+ Ke7 37. Nc2 Ba4 38. Nd4 Bd1 39. Kb5 Kd7 40. Bxa5 Nc5 41. Bb4 Ba4+ 42. Kc4 Ne4 43. Be1 Bd1 44. Ne6 g5 45. Kd4 gxf4 46. Nxf4 Nf6 47. Bd2 Ne4 48. Be3 Nf6 49. Ne6 Nxd5 50. Kxd5 Bb3+ 51. Kd4 Kxe6 52. Bxh6 Kf6 53. Bf4 Ke6 54. h4 Bd1 55. Bd2 Kf6 56. Kd5 Ke7 57. Bb4 Bb3+ 58. Kc6 Ke6 59. g3 f4 60. gxf4 Kf5 61. Bxd6 Kg4 62. Kb5 Kxh4 63. a4 Kg4 64. a5 Kf5 65. a6 Ke6 66. Kc6 Bd5+ 67. Kc7 Be4 68. Be5 Kd5 69. a7 Kc5 70. Kb8 Kb6 71. a8Q 1-0

[Event "Kragero op"]
[Site "Kragero"]
[Date "2024.02.22"]
[Round "3"]
[White "Nasuta, Grzegorz"]
[Black "Ostensen, Nicolai Maxime"]
[Result "1-0"]
[WhiteElo "2558"]
[BlackElo "2228"]
[PlyCount "127"]
[EventDate "2024.02.21"]
[EventType "swiss"]
[EventRounds "9"]
[EventCountry "NOR"]
[SourceTitle "CB09_2024"]
[SourceDate "2024.02.28"]
[SourceVersion "1"]
[SourceVersionDate "2024.02.28"]
[SourceQuality "1"]

1. e4 c5 2. Nf3 Nc6 3. Bb5 Nf6 4. Bxc6 dxc6 5. d3 g6 6. h3 Bg7 7. Nc3 0-0 8. Be3 b6 9. Qd2 e5 10. Bh6 Qd6 11. 0-0 Ne8 12. Nh2 f6 13. Be3 g5 14. Ne2 Rf7 15. Ng3 Bf8 16. Ng4 h6 17. Qe2 Kh7 18. Rad1 Ng7 19. Bc1 Be6 20. Ne3 Rd8 21. b3 Rfd7 22. Qf3 Qe7 23. Ng4 Kg6 24. Kh2 h5 25. Ne3 Qf7 26. h4 Kh7 27. Nef5 Qg6 28. Ne3 Bd6 29. Rde1 gxh4 30. Ngf5 Bxf5 31. Nxf5 Nxf5 32. exf5 e4+ 33. Kh3 exf3 34. fxg6+ Kxg6 35. gxf3 Kf5 36. Rg1 Be5 37. Re4 Rd4 38. Kxh4 b5 39. Be3 R4d5 40. Kh3 a5 41. a4 Bd4 42. Rg7 R5d7 43. Rf4+ Ke6 44. Rg6 Be5 45. Re4 Kf7 46. Rh6 Bd4 47. Rxh5 Bxe3 48. fxe3 Rd5 49. Rh7+ Kg6 50. Reh4 bxa4 51. R4h6+ Kg5 52. f4+ Kf5 53. e4+ Kxf4 54. exd5 axb3 55. cxb3 cxd5 56. Kg2 Rb8 57. Kf2 Rxb3 58. Rxf6+ Ke5 59. Rf3 Rb2+ 60. Ke1 a4 61. Rh5+ Kd4 62. Rh4+ Kc3 63. d4+ Kc2 64. Rh2+ 1-0

[Event "Karlstad op"]
[Site "Karlstad"]
[Date "2023.12.29"]
[Round "7"]
[White "Ostensen, Nicolai Maxime"]
[Black "Skaslien, Ingrid"]
[Result "1/2-1/2"]
[WhiteElo "2194"]
[BlackElo "1947"]
[PlyCount "111"]
[EventDate "2023.12.27"]
[EventType "swiss"]
[EventRounds "8"]
[EventCountry "SWE"]
[SourceTitle "CB01_2024"]
[SourceDate "2024.01.03"]
[SourceVersion "1"]
[SourceVersionDate "2024.01.03"]
[SourceQuality "1"]

1. c4 Nf6 2. Nc3 g6 3. g3 Bg7 4. Bg2 0-0 5. e4 d6 6. Nge2 c5 7. d3 Nc6 8. h3 a6 9. 0-0 Rb8 10. Bg5 h6 11. Be3 b5 12. cxb5 axb5 13. d4 cxd4 14. Nxd4 Nxd4 15. Bxd4 b4 16. Nd5 Nxd5 17. exd5 e5 18. dxe6 Bxe6 19. Re1 d5 20. h4 Bxd4 21. Qxd4 Qb6 22. Qf6 d4 23. Be4 Bc4 24. Qf4 Kg7 25. Rac1 Rbc8 26. h5 Qf6 27. Qxf6+ Kxf6 28. Bb7 Rb8 29. Rxc4 Rxb7 30. Rxd4 gxh5 31. Ree4 Ra8 32. Rxb4 Rxb4 33. Rxb4 Ra7 34. a3 Rxa3 35. Kg2 Ra5 36. Rb8 Kg5 37. b4 Ra3 38. b5 Rb3 39. b6 Kf5 40. b7 Kf6 41. Kf1 Kf5 42. Ke2 h4 43. gxh4 h5 44. Kd2 Kf4 45. Kc2 Rb6 46. Kd3 Kf3 47. Kd4 Kxf2 48. Ke5 Kf3 49. Kf5 f6 50. Ra8 Rxb7 51. Ra3+ Kg2 52. Kxf6 Rb5 53. Kg6 Kf2 54. Rc3 Ra5 55. Kf6 Rb5 56. Kg6 1/2-1/2

[Event "Titled Tuesday intern op 12th Sep Early"]
[Site "Chess.com INT"]
[Date "2023.09.12"]
[Round "11"]
[White "Kosteniuk, Alexandra"]
[Black "Ostensen, Nicolai Maxime"]
[Result "1-0"]
[WhiteElo "2523"]
[BlackElo "2216"]
[PlyCount "153"]
[EventDate "2023.09.12"]
[EventType "swiss (blitz)"]
[EventRounds "11"]
[EventCountry "USA"]
[SourceTitle "EXT 2024"]
[Source "ChessBase"]
[SourceDate "2023.10.10"]
[SourceVersion "1"]
[SourceVersionDate "2023.10.10"]
[SourceQuality "1"]

1. e4 c5 2. c3 Nf6 3. e5 Nd5 4. Nf3 Nc6 5. Bc4 e6 6. d4 cxd4 7. cxd4 d6 8. 0-0 Be7 9. Qe2 0-0 10. Rd1 a6 11. Bd2 b5 12. Bxd5 exd5 13. h3 Re8 14. Nc3 dxe5 15. dxe5 Be6 16. Bf4 Qd7 17. Rac1 Rad8 18. Ne4 Nb4 19. a3 Nc6 20. Nc5 Bxc5 21. Rxc5 Na5 22. Rc3 Rc8 23. Rcd3 Rc7 24. Nd4 Rec8 25. Rg3 Kh8 26. Qh5 Nc4 27. Bh6 Rg8 28. Bc1 Qe7 29. f4 g6 30. Qe2 Rcc8 31. Kh2 Bf5 32. Nxf5 gxf5 33. Rxg8+ Rxg8 34. Rxd5 Qb7 35. Rd4 h6 36. b3 Na5 37. Rd6 Kh7 38. e6 fxe6 39. Rxe6 Rg7 40. Qc2 Qf7 41. Re5 Qg6 42. Qxf5 Nxb3 43. Bb2 Qxf5 44. Rxf5 Rd7 45. Bc3 Rc7 46. Be5 Rb7 47. Rf6 a5 48. g4 b4 49. axb4 axb4 50. g5 hxg5 51. fxg5 Nd2 52. Rh6+ Kg8 53. Rh8+ Kf7 54. Rh7+ Kg6 55. Rxb7 b3 56. Bf4 Nf3+ 57. Kg3 Nd4 58. Rb6+ Kf5 59. Bd2 Ke5 60. Bc3 Ke4 61. Bxd4 Kf5 62. Rxb3 Kg6 63. Rb6+ Kh5 64. Rh6+ Kxg5 65. Be3+ Kf5 66. h4 Ke4 67. h5 Kf5 68. Rg6 Ke5 69. h6 Kf5 70. Rg8 Kf6 71. h7 Kf5 72. h8Q Ke4 73. Re8+ Kf5 74. Qh5+ Kf6 75. Qg5+ Kf7 76. Re7+ Kf8 77. Qg7# 1-0

[Event "Titled Tuesday intern op 08th Aug Early"]
[Site "Chess.com INT"]
[Date "2023.08.08"]
[Round "1"]
[White "Oparin, Grigoriy"]
[Black "Ostensen, Nicolai Maxime"]
[Result "1-0"]
[WhiteElo "2681"]
[BlackElo "2216"]
[PlyCount "79"]
[EventDate "2023.08.08"]
[EventType "swiss (blitz)"]
[EventRounds "11"]
[EventCountry "USA"]
[SourceTitle "EXT 2024"]
[Source "ChessBase"]
[SourceDate "2023.10.10"]
[SourceVersion "1"]
[SourceVersionDate "2023.10.10"]
[SourceQuality "1"]

1. b3 e5 2. Bb2 Nc6 3. c4 Bc5 4. e3 Nf6 5. Nc3 0-0 6. Nge2 d6 7. Ng3 Bg4 8. Qb1 h5 9. h3 h4 10. Nge4 Bf5 11. Bd3 Nxe4 12. Bxe4 Bxe4 13. Qxe4 Qg5 14. Qg4 Qe7 15. Nd5 Qd8 16. 0-0 Nb4 17. d4 Nxd5 18. dxc5 f5 19. Qh5 Nb4 20. cxd6 cxd6 21. Rfd1 Qf6 22. Rd2 g6 23. Qf3 Qe7 24. Rad1 e4 25. Qf4 Nd3 26. Rxd3 exd3 27. Rxd3 Kh7 28. Rxd6 Rad8 29. c5 Rxd6 30. cxd6 Qd8 31. Be5 g5 32. Qc4 Qd7 33. e4 f4 34. Qd5 f3 35. Bd4 fxg2 36. Kxg2 Kg6 37. Be3 Qd8 38. e5 Rf5 39. Qe6+ Kh7 40. Qxf5+ 1-0

[Event "Titled Tuesday intern op 08th Aug Early"]
[Site "Chess.com INT"]
[Date "2023.08.08"]
[Round "11"]
[White "Ostensen, Nicolai Maxime"]
[Black "Amanov, Zhanibek"]
[Result "1-0"]
[WhiteElo "2216"]
[BlackElo "2283"]
[PlyCount "75"]
[EventDate "2023.08.08"]
[EventType "swiss (blitz)"]
[EventRounds "11"]
[EventCountry "USA"]
[SourceTitle "EXT 2024"]
[Source "ChessBase"]
[SourceDate "2023.10.10"]
[SourceVersion "1"]
[SourceVersionDate "2023.10.10"]
[SourceQuality "1"]

1. e4 c5 2. b3 Nc6 3. Bb2 e6 4. Nc3 Nf6 5. Bb5 d5 6. exd5 Nxd5 7. Bxc6+ bxc6 8. Nf3 Ba6 9. d3 Be7 10. Ne4 Nf6 11. Nxf6+ Bxf6 12. Bxf6 Qxf6 13. 0-0 0-0 14. Qd2 Bb7 15. Qe3 Qf5 16. Qe5 Qxe5 17. Nxe5 Rfd8 18. Rae1 a5 19. a4 f6 20. Nc4 Kf7 21. Re3 Ba6 22. Nxa5 Bxd3 23. Nxc6 Bxf1 24. Nxd8+ Rxd8 25. Kxf1 e5 26. Rc3 Rc8 27. b4 c4 28. b5 Ke6 29. Ra3 Kd6 30. a5 Kc5 31. b6 Kc6 32. Ke2 Kb7 33. Kd2 Rc5 34. a6+ Ka8 35. Kc3 Rd5 36. Kxc4 Rd2 37. Rd3 Rxc2+ 38. Kb3 1-0

[Event "Titled Tuesday intern op 08th Aug Early"]
[Site "Chess.com INT"]
[Date "2023.08.08"]
[Round "10"]
[White "Ostensen, Nicolai Maxime"]
[Black "Borgaonkar, Akshay"]
[Result "0-1"]
[WhiteElo "2216"]
[BlackElo "2076"]
[PlyCount "76"]
[EventDate "2023.08.08"]
[EventType "swiss (blitz)"]
[EventRounds "11"]
[EventCountry "USA"]
[SourceTitle "EXT 2024"]
[Source "ChessBase"]
[SourceDate "2023.10.10"]
[SourceVersion "1"]
[SourceVersionDate "2023.10.10"]
[SourceQuality "1"]

1. e4 c5 2. b3 Nf6 3. Nc3 d6 4. Bb2 Nc6 5. Bb5 Bd7 6. f4 a6 7. Bxc6 Bxc6 8. Qe2 b5 9. e5 dxe5 10. fxe5 Nd5 11. e6 f6 12. 0-0-0 Nxc3 13. dxc3 Qc7 14. c4 g6 15. h4 Bh6+ 16. Kb1 0-0 17. h5 g5 18. Nf3 Rfd8 19. Rxd8+ Rxd8 20. Rd1 Rxd1+ 21. Qxd1 bxc4 22. bxc4 Qc8 23. Qe2 Bg7 24. Nxg5 fxg5 25. Bxg7 Kxg7 26. Qe5+ Kh6 27. Qf5 Qb7+ 28. Kc1 Kxh5 29. Qxh7+ Kg4 30. Qh3+ Kf4 31. g4 Bf3 32. Qh8 Bxg4 33. Qh6 Qe4 34. Qf8+ Bf5 35. Kb2 Qxc2+ 36. Ka3 Qc3+ 37. Ka4 Qxc4+ 38. Ka5 Qb5# 0-1

[Event "Titled Tuesday intern op 08th Aug Early"]
[Site "Chess.com INT"]
[Date "2023.08.08"]
[Round "2"]
[White "Ostensen, Nicolai Maxime"]
[Black "Ziatdinov, Raset"]
[Result "0-1"]
[WhiteElo "2216"]
[BlackElo "2081"]
[PlyCount "76"]
[EventDate "2023.08.08"]
[EventType "swiss (blitz)"]
[EventRounds "11"]
[EventCountry "USA"]
[SourceTitle "EXT 2024"]
[Source "ChessBase"]
[SourceDate "2023.10.10"]
[SourceVersion "1"]
[SourceVersionDate "2023.10.10"]
[SourceQuality "1"]

1. e4 e6 2. b3 d5 3. Bb2 c5 4. Nc3 Nf6 5. Qe2 Be7 6. exd5 exd5 7. 0-0-0 Nc6 8. h3 0-0 9. g4 d4 10. Ne4 Nd5 11. Qf3 Qa5 12. Kb1 Be6 13. Bc4 Ndb4 14. a3 Nd5 15. Ne2 Ne5 16. Qg2 Nxc4 17. bxc4 Nb6 18. d3 Na4 19. Nc1 b5 20. Nb3 Qb6 21. cxb5 Nxb2 22. Kxb2 Qxb5 23. f4 a5 24. f5 Bxb3 25. cxb3 a4 26. Qc2 Rfb8 27. Nd2 axb3 28. Qc4 Qa5 29. Nb1 Rb4 30. axb4 Qa2+ 31. Kc1 Bg5+ 32. Rd2 Bxd2+ 33. Nxd2 b2+ 34. Kd1 b1Q+ 35. Nxb1 Qxb1+ 36. Ke2 Qxh1 37. bxc5 Qg2+ 38. Kd1 Ra1+ 0-1

[Event "Titled Tuesday intern op 25th Jul Early"]
[Site "Chess.com INT"]
[Date "2023.07.25"]
[Round "6"]
[White "Nunez V, Gustavo Eduardo"]
[Black "Ostensen, Nicolai Maxime"]
[Result "0-1"]
[WhiteElo "2226"]
[BlackElo "2292"]
[PlyCount "72"]
[EventDate "2023.07.25"]
[EventType "swiss (blitz)"]
[EventRounds "11"]
[EventCountry "USA"]
[SourceTitle "EXT 2024"]
[Source "ChessBase"]
[SourceDate "2023.10.10"]
[SourceVersion "1"]
[SourceVersionDate "2023.10.10"]
[SourceQuality "1"]

1. e4 c5 2. Nc3 Nc6 3. g3 g6 4. Bg2 Bg7 5. d3 h5 6. Be3 d6 7. h3 h4 8. g4 Nf6 9. f4 e5 10. f5 Bd7 11. Bg5 Qa5 12. Qd2 0-0-0 13. Nf3 Rdg8 14. Bxh4 gxf5 15. exf5 d5 16. Bxf6 Bxf6 17. Nxd5 Qd8 18. c4 Nd4 19. Nxf6 Qxf6 20. Nxd4 exd4 21. 0-0-0 Re8 22. Rde1 Qh4 23. Re4 Qg3 24. Qe2 Bc6 25. Rxe8+ Rxe8 26. Be4 Bxe4 27. dxe4 Qf4+ 28. Qd2 Qxe4 29. Rf1 d3 30. b3 Qd4 31. Qb2 d2+ 32. Qxd2 Qa1+ 33. Kc2 Qxf1 34. Qd6 Re2+ 35. Kc3 Qc1+ 36. Kd3 Qd2# 0-1

[Event "Titled Tuesday intern op 25th Jul Early"]
[Site "Chess.com INT"]
[Date "2023.07.25"]
[Round "5"]
[White "Ostensen, Nicolai Maxime"]
[Black "Devaev, Alexander"]
[Result "0-1"]
[WhiteElo "2292"]
[BlackElo "2325"]
[PlyCount "88"]
[EventDate "2023.07.25"]
[EventType "swiss (blitz)"]
[EventRounds "11"]
[EventCountry "USA"]
[SourceTitle "EXT 2024"]
[Source "ChessBase"]
[SourceDate "2023.10.10"]
[SourceVersion "1"]
[SourceVersionDate "2023.10.10"]
[SourceQuality "1"]

1. e4 c6 2. d4 d5 3. exd5 cxd5 4. Bd3 Nc6 5. c3 g6 6. h3 Bf5 7. Qc2 e6 8. g4 Bxd3 9. Qxd3 h5 10. g5 Bd6 11. f4 Nge7 12. Ne2 Nf5 13. Nd2 0-0 14. Nf1 Rb8 15. Ne3 Nce7 16. 0-0 b5 17. b3 Qc7 18. Bb2 Rfc8 19. Rac1 a5 20. Ba1 Qb6 21. c4 bxc4 22. bxc4 dxc4 23. Nxc4 Qa6 24. Rfd1 Nd5 25. Rc2 Nb4 26. Qc3 Nxc2 27. d5 Nxa1 28. dxe6 Qxc4 29. exf7+ Qxf7 30. Qxa5 Nc2 31. Qa4 Nce3 32. Re1 Bc5 33. Kh2 Ra8 34. Qe4 Rxa2 35. Kh1 Re8 36. Qc6 Qd5+ 37. Qxd5+ Nxd5 38. Rb1 Rexe2 39. Rb8+ Bf8 40. Rb7 Rh2+ 41. Kg1 Rag2+ 42. Kf1 Nde3+ 43. Ke1 Bb4+ 44. Rxb4 Rh1# 0-1

[Event "Titled Tuesday intern op 25th Jul Early"]
[Site "Chess.com INT"]
[Date "2023.07.25"]
[Round "8"]
[White "Pershina, Elena"]
[Black "Ostensen, Nicolai Maxime"]
[Result "1-0"]
[WhiteElo "2114"]
[BlackElo "2292"]
[PlyCount "41"]
[EventDate "2023.07.25"]
[EventType "swiss (blitz)"]
[EventRounds "11"]
[EventCountry "USA"]
[SourceTitle "EXT 2024"]
[Source "ChessBase"]
[SourceDate "2023.10.10"]
[SourceVersion "1"]
[SourceVersionDate "2023.10.10"]
[SourceQuality "1"]

1. c4 Nf6 2. g3 e5 3. Nc3 d5 4. cxd5 Nxd5 5. Bg2 Be6 6. Nf3 Nc6 7. 0-0 Bc5 8. Nxe5 Nxe5 9. d4 Nxc3 10. bxc3 Bd6 11. dxe5 Bxe5 12. Bxb7 Qxd1 13. Rxd1 Rb8 14. Bc6+ Ke7 15. Ba3+ Kf6 16. Rd3 Rb6 17. Rf3+ Kg6 18. Be4+ f5 19. Bc2 Rd8 20. g4 Rf8 21. Bxf8 1-0

[Event "Titled Tuesday intern op 18th Jul Early"]
[Site "Chess.com INT"]
[Date "2023.07.18"]
[Round "6"]
[White "Besedes, Danilo"]
[Black "Ostensen, Nicolai Maxime"]
[Result "1-0"]
[WhiteElo "2287"]
[BlackElo "2292"]
[PlyCount "129"]
[EventDate "2023.07.18"]
[EventType "swiss (blitz)"]
[EventRounds "11"]
[EventCountry "USA"]
[SourceTitle "EXT 2024"]
[Source "ChessBase"]
[SourceDate "2023.10.10"]
[SourceVersion "1"]
[SourceVersionDate "2023.10.10"]
[SourceQuality "1"]

1. b3 e5 2. Bb2 Nc6 3. e3 Nf6 4. Bb5 d6 5. d4 exd4 6. exd4 Bd7 7. Nf3 Be7 8. 0-0 d5 9. h3 0-0 10. Re1 Bd6 11. Nbd2 a6 12. Bf1 Re8 13. Ne5 Bf5 14. a3 Ne4 15. Ndf3 f6 16. Nd3 Qd7 17. c4 Ne7 18. c5 Nxf2 19. Kxf2 Bxd3 20. Bxd3 Bf4 21. Bc1 Bxc1 22. Rxc1 c6 23. Qc2 g6 24. Re2 Kg7 25. Rce1 Ng8 26. Rxe8 Rxe8 27. Rxe8 Qxe8 28. Qe2 Qb8 29. b4 f5 30. Qe5+ Qxe5 31. Nxe5 Nf6 32. a4 Kf8 33. b5 axb5 34. axb5 cxb5 35. Bxb5 Ke7 36. Ke3 Ne4 37. Bd3 Ng5 38. h4 Ne6 39. Bb1 f4+ 40. Kd3 g5 41. Ba2 gxh4 42. Bxd5 Ng5 43. Bxb7 h3 44. gxh3 Nxh3 45. d5 Ng5 46. Nf3 Nf7 47. Ke4 Nd8 48. d6+ Kd7 49. Bd5 Kc8 50. Kxf4 Kd7 51. Ne5+ Kc8 52. c6 h5 53. c7 h4 54. cxd8Q+ Kxd8 55. Bc6 h3 56. Nf7+ Kc8 57. d7+ Kc7 58. d8Q+ Kxc6 59. Qd6+ Kb5 60. Qd5+ Kb4 61. Ne5 Kc3 62. Qc4+ Kb2 63. Nd3+ Ka3 64. Qb4+ Ka2 65. Qb2# 1-0

[Event "Titled Tuesday intern op 18th Jul Early"]
[Site "Chess.com INT"]
[Date "2023.07.18"]
[Round "7"]
[White "Ostensen, Nicolai Maxime"]
[Black "Eilers, Stefan"]
[Result "0-1"]
[WhiteElo "2292"]
[BlackElo "2300"]
[PlyCount "108"]
[EventDate "2023.07.18"]
[EventType "swiss (blitz)"]
[EventRounds "11"]
[EventCountry "USA"]
[SourceTitle "EXT 2024"]
[Source "ChessBase"]
[SourceDate "2023.10.10"]
[SourceVersion "1"]
[SourceVersionDate "2023.10.10"]
[SourceQuality "1"]

1. c4 e6 2. Nc3 d5 3. e3 c5 4. cxd5 exd5 5. Nf3 Nf6 6. d4 c4 7. b3 Bb4 8. Bd2 cxb3 9. axb3 0-0 10. Bd3 Nc6 11. 0-0 Bg4 12. h3 Bh5 13. Ra4 a5 14. Ne2 Bxf3 15. gxf3 Bxd2 16. Qxd2 Nb4 17. Rfa1 b6 18. Nc3 Rc8 19. Bf1 Qc7 20. Na2 Nc6 21. b4 Qd6 22. bxa5 bxa5 23. Nc1 Nd7 24. Nb3 Nb6 25. R4a2 Nb4 26. Rxa5 Rc2 27. Qe1 Nc4 28. Ra8 h6 29. Nc5 Nd2 30. Rxf8+ Qxf8 31. Rd1 Nxf3+ 32. Kg2 Nxe1+ 33. Rxe1 Rxc5 34. dxc5 Qxc5 35. Be2 Nc6 36. Rd1 Ne5 37. Rd4 Nc6 38. Ra4 d4 39. Bd3 g6 40. Rc4 Qd6 41. e4 Ne5 42. Bf1 Nxc4 43. Bxc4 d3 44. Bxd3 Qxd3 45. h4 Qxe4+ 46. f3 Qf4 47. Kf2 Kg7 48. Kg2 Kf6 49. Kh3 Ke5 50. h5 Kd4 51. hxg6 fxg6 52. Kg2 Ke3 53. Kh3 Qxf3+ 54. Kh4 g5# 0-1

[Event "Titled Tuesday intern op 18th Jul Early"]
[Site "Chess.com INT"]
[Date "2023.07.18"]
[Round "10"]
[White "Ostensen, Nicolai Maxime"]
[Black "Korol, Dimitry"]
[Result "1-0"]
[WhiteElo "2292"]
[BlackElo "2287"]
[PlyCount "53"]
[EventDate "2023.07.18"]
[EventType "swiss (blitz)"]
[EventRounds "11"]
[EventCountry "USA"]
[SourceTitle "EXT 2024"]
[Source "ChessBase"]
[SourceDate "2023.10.10"]
[SourceVersion "1"]
[SourceVersionDate "2023.10.10"]
[SourceQuality "1"]

1. c4 c5 2. Nc3 g6 3. g3 Bg7 4. Bg2 Nc6 5. a3 a6 6. h4 h5 7. d3 Rb8 8. Nf3 d6 9. Bg5 b5 10. cxb5 axb5 11. Qd2 b4 12. axb4 Nxb4 13. Ne4 Nh6 14. 0-0 Nf5 15. Nh2 0-0 16. g4 hxg4 17. Nxg4 Nd4 18. Nh6+ Kh7 19. Bf4 e5 20. Ng5+ Qxg5 21. Bxg5 f6 22. Ra7 fxg5 23. Qxg5 Nxe2+ 24. Kh2 Nf4 25. h5 Bf5 26. Be4 Bxe4 27. dxe4 1-0

[Event "Titled Tuesday intern op 18th Jul Early"]
[Site "Chess.com INT"]
[Date "2023.07.18"]
[Round "3"]
[White "Ostensen, Nicolai Maxime"]
[Black "Todorovic, Bojan"]
[Result "1-0"]
[WhiteElo "2292"]
[BlackElo "2195"]
[PlyCount "73"]
[EventDate "2023.07.18"]
[EventType "swiss (blitz)"]
[EventRounds "11"]
[EventCountry "USA"]
[SourceTitle "EXT 2024"]
[Source "ChessBase"]
[SourceDate "2023.10.10"]
[SourceVersion "1"]
[SourceVersionDate "2023.10.10"]
[SourceQuality "1"]

1. e4 g6 2. h4 d5 3. e5 Bg7 4. d4 c5 5. c3 Nc6 6. Nf3 Bg4 7. Bb5 Qb6 8. Bxc6+ bxc6 9. 0-0 e6 10. Nbd2 Ne7 11. Nb3 cxd4 12. cxd4 Nf5 13. Be3 Nxh4 14. Rc1 0-0 15. Qc2 Nxf3+ 16. gxf3 Bxf3 17. Kh2 Qd8 18. Kg3 Be4 19. Qxc6 Rc8 20. Qb7 Rc4 21. Rxc4 dxc4 22. Qxe4 cxb3 23. axb3 Qb6 24. Qd3 Rb8 25. Ra1 Qxb3 26. Qxb3 Rxb3 27. Rxa7 Bh6 28. Ra3 Rxa3 29. bxa3 Bxe3 30. fxe3 Kf8 31. e4 Ke7 32. d5 Kd7 33. a4 Kc7 34. a5 Kb7 35. d6 h5 36. d7 Kc7 37. a6 1-0

[Event "Titled Tuesday intern op 27th Jun Early"]
[Site "Chess.com INT"]
[Date "2023.06.27"]
[Round "9"]
[White "Ostensen, Nicolai Maxime"]
[Black "Pranav, V."]
[Result "1/2-1/2"]
[WhiteElo "2278"]
[BlackElo "2608"]
[PlyCount "99"]
[EventDate "2023.06.27"]
[EventType "swiss (blitz)"]
[EventRounds "11"]
[EventCountry "USA"]
[SourceTitle "EXT 2024"]
[Source "ChessBase"]
[SourceDate "2023.10.10"]
[SourceVersion "1"]
[SourceVersionDate "2023.10.10"]
[SourceQuality "1"]

1. c4 e5 2. Nc3 Nc6 3. Nf3 g6 4. d4 exd4 5. Nxd4 Bg7 6. Nxc6 bxc6 7. g3 Nf6 8. Bg2 0-0 9. 0-0 Re8 10. Bf4 Rb8 11. Rb1 Rb6 12. Be3 Ra6 13. Bd4 d6 14. b4 Bf5 15. Rb3 Be6 16. Qd3 Ng4 17. Bxg7 Kxg7 18. Qd4+ Qf6 19. Qxf6+ Nxf6 20. b5 cxb5 21. cxb5 Rxa2 22. Nxa2 Bxb3 23. Nc3 Bc4 24. Ra1 Bxe2 25. Nxe2 Rxe2 26. Rxa7 Rc2 27. Bc6 d5 28. Rxc7 d4 29. b6 d3 30. b7 d2 31. Bf3 Rxc7 32. b8Q Rc1+ 33. Kg2 d1Q 34. Bxd1 Rxd1 35. Qb2 Rd5 36. g4 h5 37. h3 hxg4 38. hxg4 g5 39. Kg3 Kg6 40. Qc2+ Kg7 41. Qb2 Rc5 42. f4 gxf4+ 43. Kxf4 Kg6 44. Qb1+ Kh6 45. Qh1+ Kg7 46. Qa1 Kg6 47. Qb1+ Kh6 48. Qh1+ Kg7 49. Qa1 Kg6 50. Qb1+ 1/2-1/2